| 000 | 00424nam a22001457a 4500 | ||
|---|---|---|---|
| 999 |
_c13680 _d13680 |
||
| 020 | _a9781138633407 | ||
| 082 |
_a616.89 _bSTE |
||
| 100 | _aStein, Michelle B | ||
| 245 | _aThe Social Cognition and Object relations scale-Global Rating Method (SCORS-G) | ||
| 260 |
_aNew York _bRoutledge _c2018 |
||
| 300 | _axi, 263 P. | ||
| 650 | _aBehavior rating scale, Mental Disorder | ||
| 700 | _aJenelle Slavin-Mulford | ||
| 942 | _cBK | ||